000 00490nam a22001697a 4500
005 20251108173702.0
008 250721s2006 xx 000 0 ara d
082 1 4 _a816/حسي
100 1 _aحسين، رانيا حلمي
245 1 0 _aأحلى و أجمل رسائل الموبايل /
264 1 _aحلب :
_bدار الحافظ للكتاب،
_c2006.
300 _a96 ص.
650 1 7 _aالرساال
650 1 7 _aالادب العربي
942 _2ddc
_cBK
999 _c109908
_d109908